Great Britain A-Z Cities and Towns - Statistics

General Stats
  • This quiz has been taken 1,054 times
  • The average score is 16 of 24
Answer Stats
Letter Clue Answer % Correct
C Wales' capital city Cardiff
98%
A Major city in north Scotland Aberdeen
97%
B UK's 2nd largest city Birmingham
97%
G Biggest city in Scotland Glasgow
96%
L Largest city in Merseyside Liverpool
92%
O City in central southern England, revolves around its prestigious university Oxford
92%
M 30 miles east of L^ Manchester
88%
J **Not a town in its' own right** - Largest of the channel islands Jersey
87%
Y Historical city. County town of Englands' biggest county York
86%
R Warwickshire town, birthplace of a sport with the same name Rugby
82%
I Town located in Suffolk Ipswich
77%
S City in south Yorkshire popular for the production of steel Sheffield
77%
E 2nd biggest City in Devon Exeter
75%
H East Riding of Yorkshire city on the Humber Estuary Hull
73%
D Largest town on the Isle of Man Douglas
62%
T County town of Cornwall Truro
61%
V Residential district on London. Popular for manufacturing cars. Vauxhall
56%
W North Wales town, close to the English border Wrexham
50%
F Borough in southwest London Fulham
45%
U Market town n Staffordshire with a popular racecourse Uttoxeter
40%
N City in Northern Ireland Newry
31%
K West Yorkshire town close to the boundaries of North Yorkshire and Lancashire Keighley
27%
P West Yorkshire town in the city of Wakefield Pontefract
24%
Q Town in Flintshire, North Wales. Near to the English border Queensferry
15%
No matching quizzes found
Score Distribution
Percent of People with Each Score
Percentile by Number Answered
Your Score History
You have not taken this quiz